[Event "2015 Alberta Open"]
[Site "Edmonton"]
[Date "2015.10.10"]
[Round "1.2"]
[White "Wu, Chenxi"]
[Black "Valencia, Belsar"]
[Result "0-1"]
[WhiteElo "1748"]
[BlackElo "2307"]
[PlyCount "100"]
[EventDate "2015.10.10"]
[EventType "swiss"]
[EventRounds "6"]
[EventCountry "CAN"]

1. e4 c5 2. Nf3 e6 3. d4 cxd4 4. Nxd4 a6 5. Be3 Qc7 6. Nc3 Bb4 7. Qd3 Nf6 8.
Nde2 d6 9. g3 Nbd7 10. Bg2 Ne5 11. Qd4 Bc5 12. Qa4+ Bd7 13. Qb3 Bxe3 14. fxe3
Rc8 15. O-O Nc4 16. e5 Nd2 17. Qxb7 Nxf1 18. Rxf1 dxe5 19. Qxa6 Ng4 20. Nb5
Bxb5 21. Qxb5+ Qd7 22. Qxd7+ Kxd7 23. Rxf7+ Kd8 24. Rxg7 Nxe3 25. c3 Rc7 26.
Rg5 Nxg2 27. Kxg2 Kd7 28. Rxe5 Ra8 29. Rh5 Kc8 30. Kf3 Rxa2 31. b4 Rf7+ 32. Ke3
Rf1 33. Nf4 Re1+ 34. Kd4 e5+ 35. Kc5 exf4 36. gxf4 Re7 37. c4 Rc2 38. Kd4 Rd7+
39. Ke5 Rxc4 40. f5 Rxb4 41. Ke6 Rb6+ 42. Ke5 Rf7 43. h4 h6 44. Ke4 Rbf6 45.
Ke5 Kd7 46. Kf4 Kd6 47. Ke4 Re7+ 48. Kf4 Kd5 49. Kf3 Ke5 50. Kg4 Rg7+ 0-1

[Event "2015 Alberta Open"]
[Site "Edmonton"]
[Date "2015.10.10"]
[Round "1.3"]
[White "Hughey, Leah"]
[Black "Efemuai, Martins"]
[Result "0-1"]
[WhiteElo "1765"]
[BlackElo "2289"]
[PlyCount "82"]
[EventDate "2015.10.10"]
[EventType "swiss"]
[EventRounds "6"]
[EventCountry "CAN"]

1. c4 Nf6 2. g3 g6 3. Bg2 Bg7 4. Nc3 O-O 5. Nf3 d6 6. O-O e5 7. d3 Nbd7 8. Bg5
h6 9. Bd2 c6 10. Qc1 Kh7 11. Rb1 a5 12. Nh4 Nc5 13. b4 axb4 14. Rxb4 Qe7 15.
Qc2 Ne6 16. Rfb1 Nd4 17. Qc1 Ra6 18. e3 Ne6 19. Qc2 Ne8 20. Ne2 f5 21. Bc3 Ng5
22. f4 exf4 23. Nxf4 Bxc3 24. Qxc3 Rf6 25. Qd2 Ne6 26. Re1 Nc5 27. Nf3 g5 28.
Nh5 Re6 29. Nd4 Re5 30. Rf1 Qf7 31. g4 Ra3 32. Rxf5 Bxf5 33. Nxf5 Rxf5 34. Ng3
Rf6 35. d4 Ne6 36. Be4+ Kh8 37. Nh5 c5 38. Rb1 cxd4 39. Nxf6 Qxf6 40. Rxb7 dxe3
41. Rh7+ Kg8 0-1

[Event "2015 Alberta Open"]
[Site "Edmonton"]
[Date "2015.10.10"]
[Round "1.4"]
[White "Miller, David"]
[Black "Koperski, Dustin"]
[Result "1-0"]
[WhiteElo "2284"]
[BlackElo "1779"]
[PlyCount "85"]
[EventDate "2015.10.10"]
[EventType "swiss"]
[EventRounds "6"]
[EventCountry "CAN"]

1. e4 c5 2. Nf3 g6 3. d4 cxd4 4. Nxd4 Nc6 5. Nc3 Bg7 6. Be3 Nf6 7. Be2 O-O 8.
f4 Qa5 9. Nb3 Qc7 10. e5 Ne8 11. O-O d6 12. Nb5 Qb8 13. exd6 Nxd6 14. Nxd6 Rd8
15. Nxc8 Rxd1 16. Nxe7+ Nxe7 17. Raxd1 Bxb2 18. Bc5 Nc6 19. f5 Qe5 20. fxg6
hxg6 21. Bc4 Nd8 22. Rde1 Qc7 23. Re8+ Kg7 24. Bxf7 Qxf7 25. Rxf7+ Kxf7 26.
Rf8+ Kg7 27. Be7 Bf6 28. Rxf6 Nc6 29. Rxc6 bxc6 30. Bc5 a6 31. Kf2 Re8 32. Bd4+
Kf7 33. Nc5 a5 34. a4 Rb8 35. c3 Rb2+ 36. Kf3 Ra2 37. h4 Ke7 38. g4 Kf7 39. Kf4
Rh2 40. Kg5 Re2 41. Nb7 Ra2 42. Nxa5 Rxa4 43. Nxc6 1-0

[Event "2015 Alberta Open"]
[Site "Edmonton"]
[Date "2015.10.10"]
[Round "1.5"]
[White "Haynes, Nicolas"]
[Black "Koneru, Nimai"]
[Result "1-0"]
[WhiteElo "2284"]
[BlackElo "1808"]
[PlyCount "77"]
[EventDate "2015.10.10"]
[EventType "swiss"]
[EventRounds "6"]
[EventCountry "CAN"]

1. d4 d5 2. c4 e6 3. Nf3 Nf6 4. g3 Be7 5. Bg2 O-O 6. O-O dxc4 7. Qc2 a6 8. a4
Bd7 9. Qxc4 Bc6 10. Bg5 Bd5 11. Qc2 Be4 12. Qd1 c6 13. Nc3 Bg6 14. Qb3 Ra7 15.
Ne5 Bh5 16. e4 Nbd7 17. h3 Nxe5 18. dxe5 Nd7 19. Be3 Bc5 20. Bxc5 Nxc5 21. Qc4
Nd3 22. g4 Bg6 23. a5 Nf4 24. Ne2 Nxg2 25. Kxg2 h6 26. Rfd1 Qc7 27. Rd6 Raa8
28. b4 Rad8 29. Rad1 Rxd6 30. exd6 Qd7 31. f3 e5 32. Nc1 Kh8 33. Nb3 Rd8 34.
Nc5 Qc8 35. Qc3 f6 36. Qc4 Be8 37. Qe6 Bd7 38. Qf7 Be8 39. Qxb7 1-0

[Event "2015 Alberta Open"]
[Site "Edmonton"]
[Date "2015.10.10"]
[Round "1.6"]
[White "Seehagen, Terry"]
[Black "Haessel, Dale"]
[Result "0-1"]
[WhiteElo "1694"]
[BlackElo "2280"]
[PlyCount "44"]
[EventDate "2015.10.10"]
[EventType "swiss"]
[EventRounds "6"]
[EventCountry "CAN"]

1. e4 e5 2. Nf3 Nc6 3. d4 exd4 4. Bc4 Nf6 5. Bg5 h6 6. Bh4 g5 7. Bg3 Nxe4 8.
Bd5 Bb4+ 9. Kf1 Nxg3+ 10. hxg3 Qf6 11. Nbd2 Ne7 12. Bb3 d5 13. a3 Bd6 14. Qe2
O-O 15. Kg1 Bg4 16. Rc1 c5 17. c4 dxc3 18. Rxc3 c4 19. Ba4 b5 20. Bxb5 Rfb8 21.
Ba4 Rxb2 22. Ne4 Rb1+ 0-1

[Event "2015 Alberta Open"]
[Site "Edmonton"]
[Date "2015.10.10"]
[Round "1.7"]
[White "Gardner, Robert"]
[Black "Dave, Bhavik"]
[Result "1-0"]
[WhiteElo "2281"]
[BlackElo "1652"]
[PlyCount "47"]
[EventDate "2015.10.10"]
[EventType "swiss"]
[EventRounds "6"]
[EventCountry "CAN"]

1. d4 Nf6 2. c4 g6 3. Nc3 d5 4. cxd5 Nxd5 5. e4 Nxc3 6. bxc3 Bg7 7. Qa4+ Bd7 8.
Qb3 c5 9. Nf3 O-O 10. Bd3 Qa5 11. O-O Ba4 12. Qb2 Nc6 13. Bd2 cxd4 14. cxd4
Nxd4 15. Qxd4 Qxd2 16. Qxa4 Qxd3 17. Rad1 b5 18. Rxd3 bxa4 19. Ra3 a5 20. Rxa4
Bc3 21. g3 Rfd8 22. Rb1 Rd3 23. Kg2 Bb4 24. Rbxb4 1-0

[Event "2015 Alberta Open"]
[Site "Edmonton"]
[Date "2015.10.10"]
[Round "1.8"]
[White "Mo, Michelle"]
[Black "Villavieja, Butch"]
[Result "0-1"]
[WhiteElo "1571"]
[BlackElo "2182"]
[PlyCount "76"]
[EventDate "2015.10.10"]
[EventType "swiss"]
[EventRounds "6"]
[EventCountry "CAN"]

1. e4 c5 2. Nf3 g6 3. d4 cxd4 4. Nxd4 Bg7 5. c3 Nc6 6. Be3 Nf6 7. Bd3 d6 8. Nd2
Ng4 9. Nxc6 bxc6 10. Qe2 Nxe3 11. Qxe3 Rb8 12. Nb3 a5 13. Qd2 c5 14. Qc2 O-O
15. O-O Qb6 16. Rab1 Be6 17. Nd2 Bxa2 18. Ra1 Be6 19. Rab1 Rfc8 20. Nc4 Qa6 21.
Ne3 Qc6 22. Nd5 Bxd5 23. exd5 Qxd5 24. c4 Qg5 25. b3 Rc7 26. Qe2 Bd4 27. Kh1
Rcb7 28. Bc2 e5 29. Qe4 Kg7 30. f4 exf4 31. Rxf4 a4 32. Rg4 Qe5 33. bxa4 Qxe4
34. h3 Rxb1+ 35. Bxb1 Qe1+ 36. Kh2 Bg1+ 37. Kh1 Bf2+ 38. Kh2 Qg1# 0-1

[Event "2015 Alberta Open"]
[Site "Edmonton"]
[Date "2015.10.10"]
[Round "1.9"]
[White "Nerubenko, Cyril"]
[Black "White, Daniel"]
[Result "1-0"]
[WhiteElo "2113"]
[BlackElo "1506"]
[PlyCount "39"]
[EventDate "2015.10.10"]
[EventType "swiss"]
[EventRounds "6"]
[EventCountry "CAN"]

1. e4 g6 2. d4 Bg7 3. Nc3 d6 4. f4 e5 5. Nf3 Bg4 6. dxe5 dxe5 7. Qxd8+ Kxd8 8.
Nxe5 Bxe5 9. fxe5 Nd7 10. Bg5+ Kc8 11. Bf4 Ne7 12. Bb5 c6 13. Bc4 Be6 14. Bxe6
fxe6 15. Rd1 Re8 16. Rd6 Ng8 17. Ne2 c5 18. Nc3 b6 19. h4 Kb7 20. Rxd7+ 1-0

[Event "2015 Alberta Open"]
[Site "Edmonton"]
[Date "2015.10.10"]
[Round "1.13"]
[White "McKay, Arnold"]
[Black "Opasiak, Dustin"]
[Result "1/2-1/2"]
[WhiteElo "1868"]
[BlackElo "1773"]
[PlyCount "91"]
[EventDate "2015.10.10"]
[EventType "swiss"]
[EventRounds "6"]
[EventCountry "CAN"]

1. e4 e6 2. d4 d5 3. Nd2 Nc6 4. Ngf3 Nf6 5. exd5 exd5 6. Be2 Be7 7. O-O O-O 8.
c3 Bf5 9. Re1 h6 10. Nf1 Bd6 11. Ne3 Be4 12. Bd3 Qd7 13. Nh4 Ne7 14. f3 Bxd3
15. Qxd3 Rfe8 16. Bd2 c5 17. Nef5 Nxf5 18. Nxf5 cxd4 19. Rxe8+ Rxe8 20. Nxd6
Qxd6 21. Qxd4 Qa6 22. a4 Re2 23. Re1 Rxe1+ 24. Bxe1 Qe2 25. Qd2 Qc4 26. Qd1 Nd7
27. b3 Qc5+ 28. Qd4 Qxd4+ 29. cxd4 g5 30. h4 Kg7 31. g4 f5 32. Kg2 f4 33. h5
Kf7 34. Kf2 Ke7 35. Ke2 Kd6 36. Kd3 b6 37. Bb4+ Ke6 38. Bd2 a6 39. a5 b5 40.
Bb4 Kf7 41. Bc3 Ke6 42. Bb4 Kf7 43. Bd2 Ke6 44. Bc3 Kf7 45. Bb4 Ke6 46. Bd2
1/2-1/2

[Event "2015 Alberta Open"]
[Site "Edmonton"]
[Date "2015.10.10"]
[Round "2.2"]
[White "Valencia, Belsar"]
[Black "Gardner, Robert"]
[Result "1-0"]
[WhiteElo "2307"]
[BlackElo "2281"]
[PlyCount "45"]
[EventDate "2015.10.10"]
[EventType "swiss"]
[EventRounds "6"]
[EventCountry "CAN"]

1. c4 e5 2. Nc3 Nf6 3. Nf3 Nc6 4. g3 Bc5 5. Bg2 d6 6. d3 Bg4 7. h3 Bf5 8. O-O
Qd7 9. Kh2 h6 10. a3 a5 11. e3 e4 12. dxe4 Nxe4 13. Nd5 Ng5 14. Ng1 a4 15. e4
Bh7 16. Bd2 Nd4 17. Bc3 Nge6 18. f4 c6 19. f5 Nb3 20. fxe6 fxe6 21. Qh5+ Kd8
22. Rf7 Qe8 23. Nc7 1-0

[Event "2015 Alberta Open"]
[Site "Edmonton"]
[Date "2015.10.10"]
[Round "2.4"]
[White "Efemuai, Martins"]
[Black "Nerubenko, Cyril"]
[Result "1/2-1/2"]
[WhiteElo "2289"]
[BlackElo "2113"]
[PlyCount "100"]
[EventDate "2015.10.10"]
[EventType "swiss"]
[EventRounds "6"]
[EventCountry "CAN"]

1. Nf3 d5 2. c4 Nf6 3. cxd5 Nxd5 4. Nc3 c5 5. g3 Nc6 6. Bg2 Nxc3 7. bxc3 e5 8.
d3 Qa5 9. Bd2 Be7 10. O-O Bg4 11. Qb3 Qc7 12. Rab1 Rb8 13. h3 Be6 14. Qa4 O-O
15. Ng5 Bxg5 16. Bxg5 Qd7 17. Kh2 Bd5 18. e4 Be6 19. Rfd1 f6 20. Be3 b6 21. d4
cxd4 22. cxd4 exd4 23. e5 Nxe5 24. Rxd4 Qxa4 25. Rxa4 Rf7 26. f4 Nc4 27. Bg1
Rd7 28. f5 Bxf5 29. Rf1 Be6 30. Re1 Bf7 31. Re2 Rc8 32. Rc2 a5 33. h4 f5 34.
Bf1 Rd2+ 35. Rxd2 Nxd2 36. Rf4 Nxf1+ 37. Rxf1 Rc2+ 38. Rf2 Rxf2+ 39. Bxf2 b5
40. Bb6 Bxa2 41. Bxa5 Kf7 42. Bc3 h6 43. Kg2 g5 44. hxg5 hxg5 45. Kf3 Ke6 46.
Ke3 Kd5 47. Bf6 g4 48. Bg5 Kc4 49. Kd2 Bb1 50. Kc1 Be4 1/2-1/2

[Event "2015 Alberta Open"]
[Site "Edmonton"]
[Date "2015.10.10"]
[Round "2.5"]
[White "Wang, Jeff"]
[Black "Haynes, Nicolas"]
[Result "0-1"]
[WhiteElo "1919"]
[BlackElo "2284"]
[PlyCount "100"]
[EventDate "2015.10.10"]
[EventType "swiss"]
[EventRounds "6"]
[EventCountry "CAN"]

1. e4 d5 2. exd5 Qxd5 3. Nc3 Qd6 4. d4 Nf6 5. Nf3 g6 6. Be2 Bg7 7. Bg5 c6 8.
Qd2 O-O 9. O-O Bg4 10. Bf4 Qd8 11. h3 Bxf3 12. Bxf3 Nbd7 13. Rfe1 Nb6 14. b3
Re8 15. Rad1 Qd7 16. Ne4 Nxe4 17. Rxe4 Rad8 18. c3 Nd5 19. Bg3 e6 20. Ree1 Ne7
21. Qc1 Nf5 22. Bh2 a6 23. Qa3 Qe7 24. Qa5 Rd7 25. Be5 Nh4 26. Be4 Qg5 27. Bc7
f5 28. Bg3 e5 29. Bxh4 Qxh4 30. Bd3 e4 31. Bc4+ Kh8 32. d5 Red8 33. Re3 Qf6 34.
b4 b5 35. Bb3 cxd5 36. a4 f4 37. Ree1 Qxc3 38. axb5 axb5 39. Bxd5 Rxd5 40. Rxd5
Qxe1+ 41. Kh2 Rf8 42. Qxb5 Qxf2 43. Rd7 f3 44. Qg5 fxg2 45. Qxg2 Be5+ 46. Kh1
Qe1+ 47. Qg1 Rf1 48. Rd8+ Kg7 49. Rd7+ Kh6 50. Rd1 Rxg1# 0-1

[Event "2015 Alberta Open"]
[Site "Edmonton"]
[Date "2015.10.10"]
[Round "2.7"]
[White "Opasiak, Dustin"]
[Black "Sasata, Alexander"]
[Result "1-0"]
[WhiteElo "1773"]
[BlackElo "949"]
[PlyCount "35"]
[EventDate "2015.10.10"]
[EventType "swiss"]
[EventRounds "6"]
[EventCountry "CAN"]

1. e4 e5 2. Nf3 Nc6 3. Bb5 Nf6 4. O-O a6 5. Bxc6 dxc6 6. d4 Bd6 7. dxe5 O-O 8.
exd6 cxd6 9. Bg5 h6 10. Bxf6 Qxf6 11. Qd4 Qg6 12. Rd1 Bh3 13. Ne1 c5 14. Qe3
Bg4 15. f3 Bh3 16. Nc3 f5 17. Nd5 Qe6 18. Nf4 1-0

[Event "2015 Alberta Open"]
[Site "Edmonton"]
[Date "2015.10.10"]
[Round "2.8"]
[White "Briones, Dante"]
[Black "McKay, Arnold"]
[Result "1-0"]
[WhiteElo "1988"]
[BlackElo "1868"]
[PlyCount "49"]
[EventDate "2015.10.10"]
[EventType "swiss"]
[EventRounds "6"]
[EventCountry "CAN"]

1. e4 c5 2. Nf3 d6 3. d4 cxd4 4. Nxd4 Nf6 5. Nc3 a6 6. f4 e5 7. Nf3 Qc7 8. Bd3
Nc6 9. O-O Be7 10. Kh1 exf4 11. Bxf4 Nh5 12. Nd5 Qd8 13. Be3 Bg4 14. Bb6 Qd7
15. Nc7+ Kf8 16. Nxa8 Bd8 17. Be3 Ne5 18. Nxe5 dxe5 19. Qe1 Qd6 20. Qf2 Qg6 21.
Nb6 Be6 22. Nc4 Bf6 23. Nd6 b5 24. a4 Be7 25. Nf5 1-0

[Event "2015 Alberta Open"]
[Site "Edmonton"]
[Date "2015.10.10"]
[Round "2.9"]
[White "Young, Joseph"]
[Black "Mo, Michelle"]
[Result "1-0"]
[WhiteElo "1812"]
[BlackElo "1571"]
[PlyCount "131"]
[EventDate "2015.10.10"]
[EventType "swiss"]
[EventRounds "6"]
[EventCountry "CAN"]

1. d4 Nf6 2. Nf3 d6 3. Bf4 Bf5 4. e3 e6 5. Be2 Be7 6. Nbd2 O-O 7. Nh4 Be4 8.
Nxe4 Nxe4 9. Bd3 d5 10. Nf3 Nf6 11. g4 Nxg4 12. Rg1 f5 13. h3 Nf6 14. Bh6 Ne8
15. Ne5 Nd7 16. Qf3 Nxe5 17. dxe5 Rf7 18. O-O-O a6 19. Rg2 c5 20. Rdg1 Bh4 21.
Qh5 Be7 22. c4 Rc8 23. Bg5 Bxg5 24. Rxg5 b5 25. Qh6 Qd7 26. Rd1 Kh8 27. Qh5 Re7
28. cxd5 c4 29. Bc2 h6 30. dxe6 Qxe6 31. Bxf5 Qxe5 32. Qg6 Nf6 33. Rg4 Rb8 34.
Rgd4 Kg8 35. Rd8+ Rxd8 36. Rxd8+ Re8 37. Rxe8+ Qxe8 38. Qxe8+ Nxe8 39. a4 Nd6
40. Be6+ Kf8 41. axb5 axb5 42. f3 Ke7 43. Bd5 Kf6 44. Kd2 Kg5 45. Kc3 Kh4 46.
Be6 Kg3 47. f4 Kf3 48. Kd4 Ne8 49. Bd7 Nc7 50. f5 Kg3 51. e4 Kh4 52. e5 Kg5 53.
h4+ Kxh4 54. f6 c3 55. bxc3 Kg5 56. fxg7 h5 57. g8=Q+ Kh4 58. Qd8+ Kg3 59. Qxc7
b4 60. e6+ Kh4 61. Qf4+ Kh3 62. e7+ Kg2 63. e8=R bxc3 64. Re2+ Kg1 65. Qf2+ Kh1
66. Qh2# 1-0

[Event "2015 Alberta Open"]
[Site "Edmonton"]
[Date "2015.10.10"]
[Round "2.10"]
[White "Koneru, Nimai"]
[Black "White, Daniel"]
[Result "1-0"]
[WhiteElo "1808"]
[BlackElo "1506"]
[PlyCount "59"]
[EventDate "2015.10.10"]
[EventType "swiss"]
[EventRounds "6"]
[EventCountry "CAN"]

1. d4 g6 2. c4 Bg7 3. Nc3 d6 4. Nf3 Nf6 5. e4 Nbd7 6. Be2 e5 7. O-O O-O 8. d5
Nc5 9. Qc2 Bd7 10. b4 Na6 11. Rb1 c6 12. dxc6 bxc6 13. c5 Bc8 14. Qa4 Nb8 15.
Rd1 d5 16. exd5 Nxd5 17. Nxd5 cxd5 18. b5 Bf5 19. Rb2 e4 20. Nd4 Nd7 21. Nxf5
Bxb2 22. Bxb2 gxf5 23. Qd4 f6 24. Qxd5+ Rf7 25. Bh5 Qe7 26. Qxf7+ Qxf7 27.
Bxf7+ Kxf7 28. Rxd7+ Ke6 29. Rd6+ Ke7 30. Bxf6+ 1-0

[Event "2015 Alberta Open"]
[Site "Edmonton"]
[Date "2015.10.10"]
[Round "2.11"]
[White "Sasata, Anastasia"]
[Black "Wu, Chenxi"]
[Result "0-1"]
[WhiteElo "937"]
[BlackElo "1748"]
[PlyCount "64"]
[EventDate "2015.10.10"]
[EventType "swiss"]
[EventRounds "6"]
[EventCountry "CAN"]

1. e4 c5 2. Nf3 d6 3. Nc3 Nc6 4. Bc4 Bg4 5. h3 Bh5 6. g4 Bg6 7. d3 e6 8. Be3 h5
9. h4 hxg4 10. Ng5 Nf6 11. Qe2 Bh5 12. O-O-O Ne5 13. Rhg1 Nf3 14. Rg2 Nxh4 15.
Rg3 Nf3 16. Nxf3 gxf3 17. Qf1 a6 18. a3 b5 19. Ba2 b4 20. Na4 bxa3 21. bxa3 Qa5
22. Bb3 Nd7 23. Qh1 Nb6 24. Rxf3 Bxf3 25. Qxh8 Bxd1 26. Kxd1 Nxa4 27. Bxa4+
Qxa4 28. Qh1 Qxa3 29. e5 Qa1+ 30. Bc1 d5 31. Qh2 Rb8 32. Kd2 Rb1 0-1

[Event "2015 Alberta Open"]
[Site "Edmonton"]
[Date "2015.10.11"]
[Round "3.2"]
[White "Haynes, Nicolas"]
[Black "Valencia, Belsar"]
[Result "1/2-1/2"]
[WhiteElo "2284"]
[BlackElo "2307"]
[PlyCount "95"]
[EventDate "2015.10.10"]
[EventType "swiss"]
[EventRounds "6"]
[EventCountry "CAN"]

1. e4 c5 2. Nf3 e6 3. g3 Nc6 4. Bg2 d5 5. exd5 exd5 6. d4 Bd6 7. O-O Nge7 8. h3
O-O 9. Nc3 a6 10. Re1 Bf5 11. Bg5 f6 12. Be3 c4 13. Nh4 Be6 14. Bf4 Bf7 15.
Bxd6 Qxd6 16. Na4 g5 17. Nf3 Rae8 18. c3 Ng6 19. Qd2 Nb8 20. b4 b6 21. Nh2
Rxe1+ 22. Rxe1 Re8 23. Ng4 Rxe1+ 24. Qxe1 Kg7 25. Ne3 Ne7 26. Qe2 Nd7 27. Bf3
f5 28. Bg2 Nf6 29. g4 Be8 30. Nb2 Bd7 31. gxf5 Nxf5 32. Nxf5+ Bxf5 33. Nd1 Kf7
34. Ne3 Bd3 35. Qd1 h5 36. a4 Qe6 37. Qf3 Be4 38. Qg3 Bxg2 39. Qxg2 Kg6 40. Qf3
b5 41. axb5 axb5 42. h4 gxh4 43. Qg2+ Kh6 44. Qf3 h3 45. Qf4+ Kg6 46. Qg3+ Ng4
47. Qxh3 Qe4 48. Qg3 1/2-1/2

[Event "2015 Alberta Open"]
[Site "Edmonton"]
[Date "2015.10.11"]
[Round "3.3"]
[White "Efemuai, Martins"]
[Black "Zeggelaar, Mike"]
[Result "0-1"]
[WhiteElo "2289"]
[BlackElo "1977"]
[PlyCount "70"]
[EventDate "2015.10.10"]
[EventType "swiss"]
[EventRounds "6"]
[EventCountry "CAN"]

1. c4 e5 2. Nc3 Nf6 3. Nf3 Nc6 4. d4 exd4 5. Nxd4 Bb4 6. Nxc6 bxc6 7. Qd4 O-O
8. Bg5 Qe7 9. e3 d6 10. Bd3 Re8 11. Qh4 Bxc3+ 12. bxc3 h6 13. Bxf6 Qxf6 14.
Qxf6 gxf6 15. Rb1 Ba6 16. Kd2 Re5 17. Rb2 Ra5 18. Ra1 d5 19. c5 Bxd3 20. Kxd3
Rxc5 21. Rb7 a6 22. Rab1 Ra5 23. R1b2 Rc8 24. g4 Kf8 25. Rb8 Rxb8 26. Rxb8+ Kg7
27. Rb2 Kg6 28. h3 Kg5 29. Ke2 Kh4 30. Kf3 Rb5 31. Rb4 Rxb4 32. cxb4 Kxh3 33.
Kf4 Kg2 34. f3 Kf2 35. a3 Ke2 0-1

[Event "2015 Alberta Open"]
[Site "Edmonton"]
[Date "2015.10.11"]
[Round "3.4"]
[White "Nerubenko, Cyril"]
[Black "Opasiak, Dustin"]
[Result "1-0"]
[WhiteElo "2113"]
[BlackElo "1773"]
[PlyCount "91"]
[EventDate "2015.10.10"]
[EventType "swiss"]
[EventRounds "6"]
[EventCountry "CAN"]

1. e4 e6 2. d4 d5 3. Nd2 Nc6 4. Ngf3 Nf6 5. e5 Nd7 6. Be2 f6 7. exf6 Qxf6 8.
Nf1 Bd6 9. Ne3 O-O 10. O-O h6 11. c4 Qf7 12. b3 Ne7 13. Ng4 Bf4 14. Ba3 Re8 15.
g3 h5 16. Nge5 Bxe5 17. Nxe5 Nxe5 18. dxe5 g6 19. Bxe7 Rxe7 20. Bd3 c5 21. Qc2
Kg7 22. cxd5 exd5 23. Qxc5 Bh3 24. Rfe1 Rc8 25. Qd4 Qf3 26. Bf1 Bxf1 27. Rxf1
Qe4 28. Qxa7 Qxe5 29. Rae1 Qxe1 30. Rxe1 Rxe1+ 31. Kg2 Rd8 32. Qxb7+ Kh6 33.
Qc7 Ree8 34. Qf4+ Kh7 35. Qd4 Re4 36. Qd3 Ree8 37. a4 d4 38. b4 Re7 39. a5 Rc7
40. b5 Rc3 41. Qd2 Rc5 42. b6 d3 43. b7 Rb5 44. a6 Rb6 45. Qg5 Rbd6 46. a7 1-0

[Event "2015 Alberta Open"]
[Site "Edmonton"]
[Date "2015.10.11"]
[Round "3.5"]
[White "Miller, David"]
[Black "Young, Joseph"]
[Result "1-0"]
[WhiteElo "2284"]
[BlackElo "1812"]
[PlyCount "55"]
[EventDate "2015.10.10"]
[EventType "swiss"]
[EventRounds "6"]
[EventCountry "CAN"]

1. e4 d5 2. exd5 Qxd5 3. Nc3 Qd6 4. d4 Nf6 5. Nf3 Bg4 6. h3 Bh5 7. Nb5 Qd8 8.
g4 Bg6 9. c4 c6 10. Nc3 e6 11. Bg2 Bd6 12. O-O O-O 13. Ne5 Nbd7 14. f4 h5 15.
Nxg6 fxg6 16. g5 Nh7 17. Qd3 e5 18. Qxg6 Qe7 19. Be4 Nhf6 20. gxf6 Rxf6 21.
Qh7+ Kf7 22. Qxh5+ Kg8 23. Nd5 cxd5 24. Bxd5+ Re6 25. Qf5 Nf8 26. fxe5 Bc7 27.
Bg5 Qb4 28. Bxe6+ 1-0

[Event "2015 Alberta Open"]
[Site "Edmonton"]
[Date "2015.10.11"]
[Round "3.6"]
[White "Gardner, Robert"]
[Black "Koneru, Nimai"]
[Result "1-0"]
[WhiteElo "2281"]
[BlackElo "1808"]
[PlyCount "159"]
[EventDate "2015.10.10"]
[EventType "swiss"]
[EventRounds "6"]
[EventCountry "CAN"]

1. d4 d5 2. c4 e6 3. Nc3 Nf6 4. cxd5 exd5 5. Bg5 Be7 6. e3 c6 7. Bd3 Nbd7 8.
Nf3 O-O 9. Qc2 Re8 10. O-O g6 11. Ne5 Nxe5 12. dxe5 Ng4 13. Bxe7 Qxe7 14. e4
Qxe5 15. g3 Qh5 16. h4 g5 17. exd5 gxh4 18. Rae1 Bd7 19. Be4 cxd5 20. Nxd5 Rac8
21. Qd2 hxg3 22. fxg3 Kh8 23. Rf4 Qh3 24. Re2 f5 25. Rxg4 Qxg4 26. Nf6 Qxg3+
27. Rg2 Qh4 28. Nxe8 Qxe4 29. Nf6 Rc1+ 30. Qxc1 Qd4+ 31. Rf2 Qxf6 32. Qf4 Qf8
33. Qd4+ Qg7+ 34. Qxg7+ Kxg7 35. Kg2 Bc6+ 36. Kg3 Kg6 37. Kf4 Be4 38. Rd2 a6
39. Rd6+ Kf7 40. Kg5 Kg7 41. Rd7+ Kg8 42. Kf6 h5 43. Kg5 Kf8 44. a3 Ke8 45. Rg7
Kd8 46. Rf7 Kc8 47. Kxh5 Kb8 48. Kg5 Ka7 49. Kf4 Kb6 50. Ke5 Kb5 51. Kd4 Ka4
52. Kc3 Kb5 53. Re7 Kc6 54. Kd4 Kd6 55. Rh7 Kc6 56. Rh6+ Kd7 57. Ke5 Kc7 58.
Kd4 Kd7 59. b3 Bc6 60. Rf6 Be4 61. a4 Ke7 62. Ke5 Kd7 63. Rh6 Kc7 64. Kd4 Kd7
65. Kc5 Bc6 66. Rf6 Be4 67. b4 Ke7 68. Rh6 Bc6 69. b5 axb5 70. axb5 Be4 71. Kd4
Kd7 72. Ke5 Kc7 73. b6+ Kd7 74. Rd6+ Ke7 75. Rd4 Kf7 76. Rc4 Ke7 77. Rc7+ Kd8
78. Ke6 Bc6 79. Kxf5 Ke8 80. Rxc6 1-0

[Event "2015 Alberta Open"]
[Site "Edmonton"]
[Date "2015.10.11"]
[Round "3.7"]
[White "Wu, Chenxi"]
[Black "Villavieja, Butch"]
[Result "0-1"]
[WhiteElo "1748"]
[BlackElo "2182"]
[PlyCount "88"]
[EventDate "2015.10.10"]
[EventType "swiss"]
[EventRounds "6"]
[EventCountry "CAN"]

1. e4 c5 2. Nf3 d6 3. d4 cxd4 4. Nxd4 Nf6 5. Nc3 g6 6. Be3 Bg7 7. f3 Nc6 8. Qd2
O-O 9. O-O-O d5 10. Qe1 e5 11. Nxc6 bxc6 12. exd5 cxd5 13. Bc5 Be6 14. Bxf8
Qxf8 15. g4 d4 16. Ne4 Bxa2 17. g5 Nxe4 18. fxe4 a5 19. Rd3 Qd8 20. h4 Bf8 21.
Qg3 Bd6 22. h5 Qc7 23. Bh3 Bc4 24. Rf3 a4 25. Bf1 a3 26. bxa3 d3 27. Rxd3 Bxd3
28. Bxd3 Qc3 29. Qe1 Qxa3+ 30. Kd1 Bb4 31. Qh4 Qc3 32. Ke2 Qd2+ 33. Kf3 Ra7 34.
hxg6 fxg6 35. Bc4+ Kh8 36. Qg4 Qc3+ 37. Bd3 Rf7+ 38. Kg3 Qc5 39. Qe2 Qe7 40.
Qg4 Rf4 41. Qxf4 exf4+ 42. Kxf4 Bd2+ 43. Kf3 Qxg5 44. c4 Qe3+ 0-1

[Event "2015 Alberta Open"]
[Site "Edmonton"]
[Date "2015.10.11"]
[Round "3.8"]
[White "Yearwood, Roy"]
[Black "Koperski, Dustin"]
[Result "1/2-1/2"]
[WhiteElo "1984"]
[BlackElo "1779"]
[PlyCount "73"]
[EventDate "2015.10.10"]
[EventType "swiss"]
[EventRounds "6"]
[EventCountry "CAN"]

1. Nf3 c5 2. e4 g6 3. d4 cxd4 4. c3 dxc3 5. Nxc3 d6 6. Bc4 Nc6 7. O-O Bg7 8.
Qb3 Na5 9. Bb5+ Bd7 10. Qa4 Nc6 11. Be3 a6 12. Nd5 Kf8 13. Bxc6 Bxc6 14. Qb4
Nf6 15. Bb6 Qd7 16. Nc7 Rc8 17. e5 Nd5 18. Nxd5 Bxd5 19. exd6 Qxd6 20. Rac1
Rxc1 21. Rxc1 Bc6 22. Bc5 Qd7 23. Re1 Bf6 24. Ne5 Qc7 25. Ng4 Kg7 26. Bxe7 Bxe7
27. Rxe7 Qd8 28. Qc3+ Kf8 29. Re2 Rg8 30. Nh6 Qg5 31. Qb4+ Kg7 32. Ng4 h5 33.
Qd4+ Kf8 34. Qd6+ Kg7 35. Qd4+ Kf8 36. Qd6+ Kg7 37. Qd4+ 1/2-1/2

[Event "2015 Alberta Open"]
[Site "Edmonton"]
[Date "2015.10.11"]
[Round "3.9"]
[White "Dave, Bhavik"]
[Black "Wang, Jeff"]
[Result "1/2-1/2"]
[WhiteElo "1652"]
[BlackElo "1919"]
[PlyCount "49"]
[EventDate "2015.10.10"]
[EventType "swiss"]
[EventRounds "6"]
[EventCountry "CAN"]

1. d4 Nf6 2. c4 e6 3. Nc3 Bb4 4. Qc2 Nc6 5. e3 e5 6. d5 Ne7 7. Bd3 d6 8. Nge2
a5 9. O-O O-O 10. Na4 Bd7 11. Nec3 Ng6 12. a3 Bc5 13. Nxc5 dxc5 14. e4 Ne8 15.
Be3 b6 16. f4 exf4 17. Bxf4 Nxf4 18. Rxf4 Qg5 19. Qf2 Qe5 20. Qg3 Nd6 21. Raf1
Rae8 22. Kh1 f5 23. h4 Rf6 24. Qf2 Ref8 25. exf5 1/2-1/2

[Event "2015 Alberta Open"]
[Site "Edmonton"]
[Date "2015.10.11"]
[Round "3.10"]
[White "Sasata, Alexander"]
[Black "Hughey, Leah"]
[Result "1-0"]
[WhiteElo "949"]
[BlackElo "1765"]
[PlyCount "109"]
[EventDate "2015.10.10"]
[EventType "swiss"]
[EventRounds "6"]
[EventCountry "CAN"]

1. e4 e6 2. d4 d5 3. Nc3 Nf6 4. exd5 exd5 5. Nge2 Bf5 6. Ng3 Bg6 7. Bg5 Be7 8.
Be2 Nbd7 9. O-O O-O 10. Bh5 c6 11. Bxg6 fxg6 12. f4 h6 13. Bxf6 Rxf6 14. f5 Qb6
15. Rb1 Bd6 16. Qg4 Bxg3 17. hxg3 Ne5 18. Qf4 Rxf5 19. Qe3 Nc4 20. Qe6+ Kh8 21.
Ne2 Re5 22. Qg4 h5 23. Qxg6 Rxe2 24. Qxh5+ Kg8 25. Qf7+ Kh7 26. Qh5+ Kg8 27.
Qxe2 Qxd4+ 28. Kh1 Nd6 29. Qe6+ Kh7 30. Qxd6 Rh8 31. Rf4 Kg8+ 32. Rh4 Rxh4+ 33.
gxh4 Qxh4+ 34. Qh2 Qc4 35. Qh5 Qxc2 36. Re1 g6 37. Qe5 Qf2 38. Qe8+ Kh7 39.
Qd7+ Kh6 40. Qh3+ Kg7 41. Qd7+ Kh6 42. Qh3+ Kg7 43. Re7+ Kf8 44. Rxb7 Qe1+ 45.
Kh2 Qe5+ 46. g3 Qe2+ 47. Qg2 Qh5+ 48. Kg1 Kg8 49. Qf1 g5 50. Rb8+ Kh7 51. Rb7+
Kg8 52. Rxa7 Qe8 53. Qf2 Qg6 54. Ra8+ Kh7 55. Qa7+ 1-0